The use of pesticides of farmers on vegetable crops in arears around phnom penh ការប្រើប្រាស់ថ្នាំពុលកសិកម្ម របស់កសិករលើដាំណាំបន្លែ នៅតំបន់ជុំវិញទីក្រុងភ្នំពេញ (Record no. 386)

000 -LEADER
fixed length control field 00675nam a22001577a 4500
003 - CONTROL NUMBER IDENTIFIER
control field OSt
005 - DATE AND TIME OF LATEST TRANSACTION
control field 20150913155830.0
008 - FIXED-LENGTH DATA ELEMENTS--GENERAL INFORMATION
fixed length control field 150913b xxu||||| |||| 00| 0 eng d
040 ## - CATALOGING SOURCE
Transcribing agency RUA
082 ## - DEWEY DECIMAL CLASSIFICATION NUMBER
Classification number AGR KER 1996 B016 Or.1
100 ## - MAIN ENTRY--PERSONAL NAME
9 (RLIN) 407
Personal name KER, MONTHIVUTH.
245 ## - TITLE STATEMENT
Title The use of pesticides of farmers on vegetable crops in arears around phnom penh ការប្រើប្រាស់ថ្នាំពុលកសិកម្ម របស់កសិករលើដាំណាំបន្លែ នៅតំបន់ជុំវិញទីក្រុងភ្នំពេញ
260 ## - PUBLICATION, DISTRIBUTION, ETC. (IMPRINT)
Place of publication, distribution, etc. Phnom Penh
Name of publisher, distributor, etc. RUA
Date of publication, distribution, etc. 1996
300 ## - PHYSICAL DESCRIPTION
Extent 105p.
Other physical details ill.
Dimensions 29cm.
942 ## - ADDED ENTRY ELEMENTS (KOHA)
Source of classification or shelving scheme
Koha item type AGR
Holdings
Price effective from Date last seen Permanent Location Not for loan Date acquired Source of classification or shelving scheme Koha item type Barcode Lost status Damaged status Withdrawn status Current Location Full call number
2015-09-132015-09-13Library Block B 2015-09-13 AGRRUA004204   Library Block BAGR KER 1996 B016 Or.1
2015-10-032015-10-03Library Block B 2015-10-03 AGRRUA008783   Library Block BAGR KER 1996 B016 Or.2
មជ្ឈមណ្ឌលឯការនៃសាកលវិទ្យាល័យភូមិន្ទកសិកម្មចំការដូង

Powered by Koha